000 01364cam a22003375i 4500
003 EG-ScBUE
005 20250323102729.0
008 150819t1994 nyua f 001 0 eng d
020 _a0070080194
020 _a9780070080195
040 _aEG-ScBUE
_beng
_erda
_cEG-ScBUE
_dEG-ScBUE
082 0 4 _a515.35076
_bBRO
_222
100 1 _aBronson, Richard,
_eauthor.
_938616
245 1 0 _aSchaum's outline of theory and problems of differential equations /
_cRichard Bronson, Ph.D., professor of mathematics and computer science, Fairleigh Dickinson University.
250 _aSecond edition.
264 1 _aNew York :
_bMcGraw-Hill,
_c[1994]
264 4 _cc1994
300 _ax, 358 pages :
_billustrations ;
_c28 cm.
336 _2rdacontent
_atext
_btxt
337 _aunmediated
_2rdamedia
_bn
338 _avolume
_bnc
_2rdacarrier
490 0 _aSchaum’s outline series
500 _aIncludes index.
650 7 _aDifferential equations
_vProblems, exercises, etc.
_2BUEsh
_941317
653 _bENGGEN
_cAugust2015
655 _vReading book
856 4 2 _3Publisher description
_uhttp://www.loc.gov/catdir/description/mh022/92041809.html
856 4 2 _3Table of contents only
_uhttp://www.loc.gov/catdir/toc/mh021/92041809.html
856 4 2 _3Contributor biographical information
_uhttp://www.loc.gov/catdir/enhancements/fy0661/92041809-b.html
942 _cBB
_2ddc
999 _c9381
_d9381